[Event "NZL-ch Major op"]
[Site "Auckland"]
[Date "2011.01.07"]
[Round "6"]
[White "Michael, Andrew"]
[Black "Halim, Izzah"]
[Result "1-0"]
[WhiteElo "1693"]
[BlackElo "1300"]
[PlyCount "89"]
[EventDate "2011.01.02"]
[EventType "swiss"]
[EventRounds "11"]
[EventCountry "NZL"]
[SourceTitle "EXT 2018"]
[Source "ChessBase"]
[SourceDate "2017.10.13"]
[SourceVersion "1"]
[SourceVersionDate "2017.10.13"]
[SourceQuality "1"]

1. d4 Nf6 2. Nf3 g6 3. Nc3 Bg7 4. e4 d6 5. Be3 0-0 6. Qd2 b6 7. Bh6 Bb7 8. Bd3 Nbd7 9. h4 e5 10. Bxg7 Kxg7 11. h5 Nxh5 12. Rxh5 gxh5 13. 0-0-0 Qf6 14. Nd5 Bxd5 15. exd5 Qf4 16. Qxf4 exf4 17. Rh1 Nf6 18. c4 Kh6 19. Nh4 Kg7 20. f3 Rfe8 21. Kd2 Kh8 22. Nf5 Rg8 23. Rh2 Rg5 24. Ke2 Re8+ 25. Kf2 Ng8 26. Rh4 Ne7 27. Rxf4 Nxf5 28. Bxf5 Reg8 29. Bh3 R8g7 30. Re4 h6 31. Re8+ Rg8 32. Re7 R5g7 33. Rxc7 f5 34. Rc6 Rg6 35. b4 f4 36. a4 Rb8 37. Be6 a5 38. b5 Rg7 39. Rxd6 Rc7 40. Rc6 Re7 41. Bf5 Rf7 42. Bh3 Re7 43. d6 Re3 44. d7 Rd3 45. Rc8+ 1-0